000 01135nam a2200277 c 4500
001 000030701
003 RuMoIPM
005 20260601114031.0
008 230210s1984 ru ||||||| |||| ||rus d
035 _a(RuMoBEN) 001973135
035 _a(ELAR retro) [2022] 000045415
040 _aRuMoBEN
_brus
_ercr
041 0 _arus
_heng
_hfre
044 _aru
080 _a511.38
245 1 0 _aАвтоморфные формы, представления и L-функции
_b[Сборник статей]
_cПер. с англ. и фр. М. В. Борового и А. А. Панчишкина ; Под ред. Ю. И. Манина
260 _aМосква
_bМир
_c1984
300 _a287 с.
_bил.
490 0 _aМатематика : новое в зарубежной науке
_v34
500 _aРед. сер.: А.Н. Колмогоров, С.П. Новиков
504 _aБиблиогр. в конце ст.
700 1 _aБоровой, М. В.
_eпер.
700 1 _aПанчишкин, Алексей Алексеевич
_eпер.
700 1 _aМанин, Юрий Иванович
_eред.
942 _cBK
999 _c30701
_d30701